<?xml version="1.0" encoding="UTF-8"?>
<record
    xmlns:xsi="http://www.w3.org/2001/XMLSchema-instance"
    xsi:schemaLocation="http://www.loc.gov/MARC21/slim http://www.loc.gov/standards/marcxml/schema/MARC21slim.xsd"
    xmlns="http://www.loc.gov/MARC21/slim">

  <leader>02023nam a22002657a 4500</leader>
  <controlfield tag="003">AR-RoUNCS</controlfield>
  <controlfield tag="005">20260209145534.0</controlfield>
  <controlfield tag="007">ta</controlfield>
  <controlfield tag="008">060227s1998    ag     gr     00  j spa  </controlfield>
  <datafield tag="015" ind1=" " ind2=" ">
    <subfield code="a">AR-1998</subfield>
  </datafield>
  <datafield tag="020" ind1=" " ind2=" ">
    <subfield code="a">950-07-0088-3</subfield>
  </datafield>
  <datafield tag="040" ind1=" " ind2=" ">
    <subfield code="a">AR-BaBN</subfield>
    <subfield code="b">spa</subfield>
    <subfield code="c">AR-RoUNCS</subfield>
    <subfield code="e">aacr</subfield>
  </datafield>
  <datafield tag="044" ind1=" " ind2=" ">
    <subfield code="a">ag</subfield>
    <subfield code="c">ar-c</subfield>
  </datafield>
  <datafield tag="080" ind1="1" ind2=" ">
    <subfield code="a">82-34(862)</subfield>
    <subfield code="2">2016</subfield>
  </datafield>
  <datafield tag="100" ind1="1" ind2=" ">
    <subfield code="a">Garc&#xED;a M&#xE1;rquez, Gabriel,</subfield>
    <subfield code="d">1927-2014</subfield>
    <subfield code="e">autor</subfield>
    <subfield code="4">aut</subfield>
  </datafield>
  <datafield tag="245" ind1="1" ind2="0">
    <subfield code="a">Ojos de perro azul /</subfield>
    <subfield code="c">Gabriel Garc&#xED;a M&#xE1;rquez.</subfield>
  </datafield>
  <datafield tag="250" ind1=" " ind2=" ">
    <subfield code="a">14a ed.</subfield>
  </datafield>
  <datafield tag="260" ind1=" " ind2=" ">
    <subfield code="a">Buenos Aires :</subfield>
    <subfield code="b">Sudamericana,</subfield>
    <subfield code="c">1998.</subfield>
  </datafield>
  <datafield tag="300" ind1=" " ind2=" ">
    <subfield code="a">181 p. ;</subfield>
    <subfield code="b">20 cm.</subfield>
  </datafield>
  <datafield tag="505" ind1="0" ind2="0">
    <subfield code="t">La tercera resignaci&#xF3;n -- La otra costilla de la muerte -- Eva est&#xE1; dentro de su gato -- Amargura para tres son&#xE1;mbulos -- Di&#xE1;logo del espejo -- Ojos de perro azul -- La mujer que llegaba a las sies -- Nabo, el negro que hizo esperar a los &#xE1;ngeles -- Alguien desordena estas rosas -- La noche de los alcaravanes.</subfield>
  </datafield>
  <datafield tag="520" ind1="3" ind2=" ">
    <subfield code="a">Estos relatos tempranos de Gabriel Garc&#xED;a M&#xE1;rquez fueron escritos y publicados entre 1947 y 1955, aunque, como libro, Ojos de perro azul no aparecer&#xED;a hasta 1974 cuando el escritor ya hab&#xED;a publicado otros dos libros de relatos y cuatro novelas, de las que la &#xFA;ltima, "Cien a&#xF1;os de soledad", le proporcionar&#xED;a su primer gran &#xE9;xito internacional. 

En este libro se incluye su primer cuento c&#xE9;lebre, el "Mon&#xF3;logo de Isabel viendo llover en Macondo", escenario de sus obras posteriores. El personaje de Isabel reaparecer&#xE1; en su primera novela, y el tema de la lluvia cayendo interminablemente, en su personal versi&#xF3;n del diluvio universal, acabar&#xED;a integr&#xE1;ndose suave y flexiblemente en "Cien a&#xF1;os de soledad". Este relato, incluido en todas las antolog&#xED;as del cuento latinoamericano de nuestros d&#xED;as, fue la primera piedra de ese gigantesco edificio, tan imaginario como real, que terminar&#xED;a fundando el espacio literario m&#xE1;s poderoso de las letras universales de nuestro tiempo: Macondo.</subfield>
  </datafield>
  <datafield tag="650" ind1=" " ind2="7">
    <subfield code="2">embne</subfield>
    <subfield code="a">Literatura colombiana</subfield>
  </datafield>
  <datafield tag="655" ind1=" " ind2="4">
    <subfield code="a">Cuentos</subfield>
  </datafield>
  <datafield tag="942" ind1=" " ind2=" ">
    <subfield code="2">udc</subfield>
    <subfield code="c">LPD</subfield>
    <subfield code="n">0</subfield>
  </datafield>
  <datafield tag="999" ind1=" " ind2=" ">
    <subfield code="c">892</subfield>
    <subfield code="d">892</subfield>
  </datafield>
  <datafield tag="952" ind1=" " ind2=" ">
    <subfield code="0">0</subfield>
    <subfield code="1">0</subfield>
    <subfield code="2">udc</subfield>
    <subfield code="4">0</subfield>
    <subfield code="7">0</subfield>
    <subfield code="8">CG</subfield>
    <subfield code="a">ESOCIALES</subfield>
    <subfield code="b">ESOCIALES</subfield>
    <subfield code="d">2026-02-09</subfield>
    <subfield code="e">Donaci&#xF3;n 2023</subfield>
    <subfield code="l">0</subfield>
    <subfield code="o">82-34(862) G216</subfield>
    <subfield code="p">000213</subfield>
    <subfield code="r">2026-02-09 14:56:22</subfield>
    <subfield code="w">2026-02-09</subfield>
    <subfield code="y">LPD</subfield>
  </datafield>
</record>
